MARC details
| 000 -LEADER |
| fixed length control field |
04192cam a2200481 i 4500 |
| 001 - CONTROL NUMBER |
| control field |
21874620 |
| 003 - CONTROL NUMBER IDENTIFIER |
| control field |
ARRUPE |
| 005 - DATE AND TIME OF LATEST TRANSACTION |
| control field |
20221125093940.0 |
| 008 - FIXED-LENGTH DATA ELEMENTS--GENERAL INFORMATION |
| fixed length control field |
210121t20212021mauab 001 0 eng d |
| 010 ## - LIBRARY OF CONGRESS CONTROL NUMBER |
| LC control number |
2021931084 |
| 015 ## - NATIONAL BIBLIOGRAPHY NUMBER |
| National bibliography number |
GBC1A9150 |
| Source |
bnb |
| 016 7# - NATIONAL BIBLIOGRAPHIC AGENCY CONTROL NUMBER |
| Record control number |
020256285 |
| Source |
Uk |
| 020 ## - INTERNATIONAL STANDARD BOOK NUMBER |
| International Standard Book Number |
9780262542869 |
| Qualifying information |
(paperback) |
| 020 ## - INTERNATIONAL STANDARD BOOK NUMBER |
| International Standard Book Number |
0262542862 |
| Qualifying information |
(paperback) |
| 028 ## - PUBLISHER NUMBER |
| Source |
Arrupe |
| 035 ## - SYSTEM CONTROL NUMBER |
| System control number |
(OCoLC)on1229028504 |
| 040 ## - CATALOGING SOURCE |
| Original cataloging agency |
YDX |
| Language of cataloging |
eng |
| Transcribing agency |
YDX |
| Description conventions |
rda |
| Modifying agency |
BDX |
| -- |
UKMGB |
| -- |
OCLCO |
| -- |
OCLCF |
| -- |
ORX |
| -- |
WC$ |
| -- |
YDX |
| -- |
UOK |
| -- |
IXA |
| -- |
ERASA |
| -- |
TOH |
| -- |
CLE |
| -- |
PAU |
| -- |
OLC |
| -- |
IBI |
| -- |
OCL |
| -- |
OCLCO |
| -- |
YEQ |
| -- |
HQC |
| -- |
DLC |
| 042 ## - AUTHENTICATION CODE |
| Authentication code |
lccopycat |
| 050 00 - LIBRARY OF CONGRESS CALL NUMBER |
| Classification number |
QB981 |
| Item number |
.C6275 2021 |
| 082 04 - DEWEY DECIMAL CLASSIFICATION NUMBER |
| Classification number |
523.1 |
| Edition number |
23 |
| 300 ## - PHYSICAL DESCRIPTION |
| Other physical details |
illustrations (some color), color maps ; |
| Dimensions |
24 cm |
| 100 1# - MAIN ENTRY--PERSONAL NAME |
| Personal name |
Clegg, Brian, |
| Relator term |
author. |
| 9 (RLIN) |
51898 |
| 245 10 - TITLE STATEMENT |
| Title |
Ten patterns that explain the universe / |
| Statement of responsibility, etc |
Brian Clegg. |
| 300 ## - PHYSICAL DESCRIPTION |
| Extent |
224 pages : |
| 500 ## - GENERAL NOTE |
| General note |
Includes index. |
| 505 00 - FORMATTED CONTENTS NOTE |
| Miscellaneous information |
1. |
| Title |
The Cosmic Microwave Background -- |
| -- |
Patterns of radiation forming the echo of the Big Bang -- |
| Miscellaneous information |
2. |
| Title |
Minkowski Diagrams -- |
| -- |
Patterns explaining the connections between space and time -- |
| Miscellaneous information |
3. |
| Title |
Particle Trail Patterns -- |
| -- |
Patterns of particles revealing antimatter and the Higgs boson -- |
| Miscellaneous information |
4. |
| Title |
Feynman Diagrams -- |
| -- |
Diagrammatic patterns explaining the interplay of light and matter -- |
| Miscellaneous information |
5. |
| Title |
The Periodic Table -- |
| -- |
Tabular patterns indicating the configuration of atoms -- |
| Miscellaneous information |
6. |
| Title |
Weather Patterns -- |
| -- |
Large-scale patterns that underlie complex weather systems -- |
| Miscellaneous information |
7. |
| Title |
Number Lines -- |
| -- |
The number line is a pattern that forms the basis of arithmetic and many mathematical calculations -- |
| Miscellaneous information |
8. |
| Title |
Cladograms -- |
| -- |
Sophisticated patterns indicating the relationship between species and the pattern of evolution -- |
| Miscellaneous information |
9. |
| Title |
DNA Double Helix -- |
| -- |
The pattern of life providing the data store for constructing a living organism -- |
| Miscellaneous information |
10. |
| Title |
Symmetries -- |
| -- |
Patterns revealing symmetry in nature, mathematics, and physics. |
| 520 ## - SUMMARY, ETC. |
| Summary, etc |
"How patterns--from diagrams of spacetime to particle trails revealed by supercolliders--offer clues to the fundamental workings of the physical world."--Amazon. |
| 520 ## - SUMMARY, ETC. |
| Summary, etc |
"Our universe might appear chaotic, but deep down it's simply a myriad of rules working independently to create patterns of action, force, and consequence. In Ten Patterns That Explain the Universe, Brian Clegg explores the phenomena that make up the very fabric of our world by examining ten essential sequenced systems. From diagrams that show the deep relationships between space and time to the quantum behaviors that rule the way that matter and light interact, Clegg shows how these patterns provide a unique view of the physical world and its fundamental workings. Guiding readers on a tour of our world and the universe beyond, Clegg describes the cosmic microwave background, sometimes called the "echo of the big bang," and how it offers clues to the universe's beginnings; the diagrams that illustrate Einstein's revelation of the intertwined nature of space and time; the particle trail patterns revealed by the Large Hadron Collider and other accelerators; and the simple-looking patterns that predict quantum behavior (and decorated Richard Feynman's van). Clegg explains how the periodic table reflects the underlying pattern of the configuration of atoms, discusses the power of the number line, demonstrates the explanatory uses of tree diagrams, and more."-- |
| 650 #0 - SUBJECT ADDED ENTRY--TOPICAL TERM |
| Topical term or geographic name as entry element |
Cosmology |
| Form subdivision |
Popular works. |
| 9 (RLIN) |
17840 |
| 650 #0 - SUBJECT ADDED ENTRY--TOPICAL TERM |
| Topical term or geographic name as entry element |
Space and time |
| Form subdivision |
Popular works. |
| 9 (RLIN) |
51899 |
| 650 #0 - SUBJECT ADDED ENTRY--TOPICAL TERM |
| Topical term or geographic name as entry element |
Quantum cosmology |
| Form subdivision |
Popular works. |
| 9 (RLIN) |
51900 |
| 650 #7 - SUBJECT ADDED ENTRY--TOPICAL TERM |
| Topical term or geographic name as entry element |
SCIENCE / Astronomy. |
| Source of heading or term |
bisacsh |
| 9 (RLIN) |
51901 |
| 650 #7 - SUBJECT ADDED ENTRY--TOPICAL TERM |
| Topical term or geographic name as entry element |
Space and time. |
| Source of heading or term |
fast |
| 9 (RLIN) |
2213 |
| 650 #7 - SUBJECT ADDED ENTRY--TOPICAL TERM |
| Topical term or geographic name as entry element |
Quantum cosmology. |
| Source of heading or term |
fast |
| 9 (RLIN) |
51902 |
| 650 #7 - SUBJECT ADDED ENTRY--TOPICAL TERM |
| Topical term or geographic name as entry element |
Cosmology. |
| Source of heading or term |
fast |
| 651 #0 - SUBJECT ADDED ENTRY--GEOGRAPHIC NAME |
| Geographic name |
Universe |
| Form subdivision |
Popular works. |
| 9 (RLIN) |
51903 |
| 651 #7 - SUBJECT ADDED ENTRY--GEOGRAPHIC NAME |
| Geographic name |
Universe. |
| Source of heading or term |
fast |
| 9 (RLIN) |
51904 |
| 655 #7 - INDEX TERM--GENRE/FORM |
| Genre/form data or focus term |
Popular works. |
| Source of term |
fast |
| 9 (RLIN) |
51905 |
| 655 #7 - INDEX TERM--GENRE/FORM |
| Genre/form data or focus term |
Popular works. |
| Source of term |
lcgft |
| 9 (RLIN) |
51905 |
| 655 #7 - INDEX TERM--GENRE/FORM |
| Genre/form data or focus term |
Instructional and educational works. |
| Source of term |
lcgft |
| 9 (RLIN) |
51906 |
| 906 ## - LOCAL DATA ELEMENT F, LDF (RLIN) |
| a |
7 |
| b |
cbc |
| c |
copycat |
| d |
2 |
| e |
ncip |
| f |
20 |
| g |
y-gencatlg |
| 942 ## - ADDED ENTRY ELEMENTS (KOHA) |
| Source of classification or shelving scheme |
Library of Congress Classification |
| Koha item type |
Monograph ( Printed materials) |